00521nam a2200133Ia 4500008004100000020001500041050002100056100002600077245011200103260007300215300002900288500006100317521000900378140609s9999 xx 000 0 und d a9717070695 aHD 31b.Z94 1999 aZulueta, Francisco M. aManagement :btheories and practices /cFrancisco M. Zulueta, Greg Melchor Castro de Lara, Abriel M. Nebres aQuezon City, Philippines :bAcademic Publishing Corporation,cc1999. a264 p. :bill. ;c23 cm. aIncludes bibliographical references, glossary and index. aBSBA